Z NOVÝCH BÁSNÍ

Bibliographic Details
Main Author: Colonna, Michele, 1934-2009 (Author)
Format: Article
Language:Slovak

MARC

LEADER 00000nab a2200000uu 4500
001 vtls011509699
003 SK-MaSNL
005 20260303162415.0
008 230302|2007 xo |||||||||||||||||slo|
015 |a SNBRB 
035 |a (urnnbn)urn:nbn:sk:snk:ar-000b7o 
035 |a (uuid)264cca15-35b7-4fba-9308-44dced06eda3 
035 |a urn:nbn:sk:snk-abe0pz 
040 |a SNKBUCL  |b slo  |c SNKBUCL  |e AACR2 
041 0 |a slo 
044 |a xo  |c SK 
100 1 |a Colonna, Michele,  |d 1934-2009  |4 aut  |9 53757 
245 1 0 |a Z NOVÝCH BÁSNÍ  |c Michele Colonna 
773 0 |t Slovenské pohľady  |g Roč. (4)123, č. 12 (2007), s. 7 
958 |a OND 
958 |a EUIPO 
958 |a article21 
999 |c 2053913  |d 2055843